VPLYV VÝSTAVBY PRIEHRADY PRI LIPTOVSKEJ MARE NA VTÁCTVO V LIPTOVSKEJ KOTLINE

Bibliographic Details
Main Authors: Ferianc, Oskár, 1905-1987 (Author), Feriancová-Masárová, Zora, 1930- (Author)
Format: Article
Language:Slovak

MARC

LEADER 00000nab a2200000uu 4500
001 vtls010903303
003 SK-MaSNL
005 20260304204528.0
008 230127|1972 xo |||||||||||||||||slo|
015 |a SNBRB 
035 |a (urnnbn)urn:nbn:sk:snk:ar-a07qhj 
035 |a (uuid)1ae158b1-89bd-4881-b42a-a4b127ba61f0 
035 |a urn:nbn:sk:snk-ab8ud8 
040 |a SNKBUCL  |b slo  |c SNKBUCL  |e AACR2 
041 0 |a slo 
044 |a xo  |c SK 
100 1 |a Ferianc, Oskár,  |d 1905-1987  |4 aut  |9 92182 
245 1 0 |a VPLYV VÝSTAVBY PRIEHRADY PRI LIPTOVSKEJ MARE NA VTÁCTVO V LIPTOVSKEJ KOTLINE  |c Oskár Ferianc, Zora Feriancová-Masárová 
700 1 |a Feriancová-Masárová, Zora,  |d 1930-  |4 aut  |9 6082 
773 0 |t Pamiatky a príroda : metodicko-odborný a informačný bulletin  |g Roč. 3, č. 2 (1972), s. 34-35 
954 |a odborná, vedecká literatúra pôvodná (slovenská)  |2 lita 
958 |a OND 
958 |a EUIPO 
958 |a article10 
999 |c 3116557  |d 3118487